书目信息 |
| 题名: |
实变函数论
|
|
| 作者: | 于宗义 编著 | |
| 分册: | ||
| 出版信息: | 济南 山东大学出版社 2003 |
|
| 页数: | 296页 | |
| 开本: | 20cm | |
| 丛书名: | ||
| 单 册: | ||
| 中图分类: | O174.1 | |
| 科图分类: | ||
| 主题词: | 实变函数论 | |
| 电子资源: | ||
| ISBN: | 7-5607-2040-4 | |
| 000 | 00770nam0 2200241 450 | |
| 001 | 0302525908 | |
| 005 | 20050907101232.90 | |
| 010 | @a7-5607-2040-4@dCNY17.80 | |
| 100 | @a20040828d2003 em y0chiy0110 ea | |
| 101 | 0 | @achi |
| 102 | @aCN@b370000 | |
| 105 | @ay z 000yy | |
| 200 | 1 | @a实变函数论@Ashi bian han shu lun@f于宗义编著@Fyu zong yi bian zhu |
| 205 | @a2版 | |
| 210 | @a济南@c山东大学出版社@d2003 | |
| 215 | @a296页@d20cm | |
| 300 | @a山东师范大学著作出版基金资助项目 | |
| 330 | @a本书论述了集合、点集、勒贝格(Lebesgue)测度、可测函数、勒贝格(Lebesgue)积分、与中学数学有关的若干问题等七章内容。 | |
| 606 | 0 | @a实变函数论 |
| 690 | @aO174.1@v4 | |
| 701 | 0 | @a于宗义@Ayu zong yi@4编著 |
| 801 | 0 | @aCN@bTSSF@c20050907 |
| 905 | @a10447@dO174.1@e126=2 | |
| 实变函数论/于宗义编著.-2版.-济南:山东大学出版社,2003 |
| 296页;20cm |
| 山东师范大学著作出版基金资助项目 |
| ISBN 7-5607-2040-4:CNY17.80 |
| 本书论述了集合、点集、勒贝格(Lebesgue)测度、可测函数、勒贝格(Lebesgue)积分、与中学数学有关的若干问题等七章内容。 |
| ● |
| 相关链接 |
|
|
|
|
正题名:实变函数论
索取号:O174.1/126=2
 
预约/预借
| 序号 | 登录号 | 条形码 | 馆藏地/架位号 | 状态 | 备注 |
| 1 | 0360450 | 3604503 | 第二样本阅览室/ [索取号:O174.1/126=2] | 在馆 | |
| 2 | 0360451 | 3604512 | 第三借阅区/ [索取号:O174.1/126=2] | 在馆 | |
| 3 | 0360452 | 3604521 | 第三借阅区/ [索取号:O174.1/126=2] | 在馆 | |
| 4 | 0360453 | 3604530 | 第三借阅区/ [索取号:O174.1/126=2] | 在馆 | |
| 5 | 0360454 | 3604549 | 第三借阅区/ [索取号:O174.1/126=2] | 在馆 | |
| 6 | 0360455 | 3604558 | 第三借阅区/ [索取号:O174.1/126=2] | 在馆 | |
| 7 | 0360456 | 3604567 | 第三借阅区/ [索取号:O174.1/126=2] | 在馆 | |
| 8 | 0360457 | 3604576 | 第三借阅区/ [索取号:O174.1/126=2] | 在馆 |